[Event "Asia zt 3.1"]
[Site "Tehran"]
[Date "2017.07.02"]
[Round "3"]
[White "Tabatabaei, Mohammad Amin"]
[Black "Ghorbani, Hadi"]
[Result "1-0"]
[WhiteElo "2509"]
[BlackElo "2176"]
[PlyCount "67"]
[EventDate "2017.06.30"]
[EventType "swiss"]
[EventRounds "9"]
[EventCountry "IRI"]
[SourceTitle "CBM 179 Extra"]
[Source "ChessBase"]
[SourceDate "2017.08.23"]
[SourceVersion "1"]
[SourceVersionDate "2017.08.23"]
[SourceQuality "1"]

1. a3 d5 2. Nf3 Nf6 3. d4 c6 4. e3 a6 5. Bd3 Bg4 6. Nbd2 e6 7. c4 b5 8. b3 Nbd7 9. Bb2 Qb8 10. Qc2 Bxf3 11. gxf3 Be7 12. f4 c5 13. Rg1 cxd4 14. Bxd4 e5 15. fxe5 Nxe5 16. Rxg7 Ng6 17. cxd5 Kf8 18. Rxg6 hxg6 19. Qc6 Qd8 20. Rc1 Kg7 21. Ne4 Rc8 22. Qxc8 Qxc8 23. Rxc8 Rxc8 24. d6 Bd8 25. h4 Rc6 26. Ke2 Kh6 27. Nxf6 Rxd6 28. Ng4+ Kh5 29. Ne5 Rf6 30. Be4 Bc7 31. f4 a5 32. Bd5 Ra6 33. Bxf7 Bxe5 34. fxe5 1-0

[Event "Tehran Paytakht Cup 1st"]
[Site "Tehran"]
[Date "2016.10.27"]
[Round "3"]
[White "Fier, Alexandr"]
[Black "Ghorbani, Hadi"]
[Result "1-0"]
[WhiteElo "2614"]
[BlackElo "2181"]
[PlyCount "73"]
[EventDate "2016.10.25"]
[EventType "swiss"]
[EventRounds "9"]
[EventCountry "IRI"]
[SourceTitle "EXT 2018"]
[Source "ChessBase"]
[SourceDate "2017.10.13"]
[SourceVersion "1"]
[SourceVersionDate "2017.10.13"]
[SourceQuality "1"]

1. d4 d5 2. c4 c6 3. Nf3 Nf6 4. e3 Bg4 5. Nc3 e6 6. h3 Bh5 7. Qb3 Qb6 8. Nh4 Be7 9. g4 Qxb3 10. axb3 Ne4 11. Nxe4 dxe4 12. gxh5 Bxh4 13. Rg1 g5 14. hxg6 fxg6 15. Bg2 0-0 16. Rf1 Nd7 17. Bxe4 e5 18. dxe5 Nc5 19. Bc2 Rxf2 20. Rxf2 Rf8 21. Bd2 Bxf2+ 22. Ke2 Bg3 23. Be1 Bxe1 24. Kxe1 Rf3 25. Ke2 Rxh3 26. Rxa7 Rh2+ 27. Kd1 g5 28. b4 g4 29. bxc5 g3 30. Be4 Rxb2 31. e6 Kf8 32. Ra8+ Ke7 33. Rg8 Kxe6 34. Rxg3 Rh2 35. Rg7 Rh5 36. Rxb7 Rxc5 37. Bxh7 1-0

[Event "Rasht Khazar op 14th"]
[Site "Rasht"]
[Date "2016.02.18"]
[Round "9"]
[White "Ghorbani, Hadi"]
[Black "Stopa, Jacek"]
[Result "1/2-1/2"]
[WhiteElo "2160"]
[BlackElo "2460"]
[PlyCount "106"]
[EventDate "2016.02.11"]
[EventType "swiss"]
[EventRounds "9"]
[EventCountry "IRI"]
[SourceTitle "CBM 170 Extra"]
[Source "ChessBase"]
[SourceDate "2016.02.25"]
[SourceVersion "1"]
[SourceVersionDate "2016.02.25"]
[SourceQuality "1"]

1. d4 Nf6 2. c4 c5 3. d5 b5 4. Nc3 b4 5. Nb1 g6 6. Nf3 Bg7 7. e3 0-0 8. Bd3 e6 9. 0-0 a5 10. e4 d6 11. dxe6 Bxe6 12. Nbd2 Nc6 13. a4 bxa3 14. Rxa3 Nd7 15. Nb1 Nb6 16. Qe2 Re8 17. Bg5 Qb8 18. Nc3 h6 19. Be3 Bg4 20. h3 Bxf3 21. Qxf3 Nd4 22. Bxd4 Bxd4 23. Rfa1 a4 24. e5 Bxe5 25. Nxa4 Nxa4 26. Rxa4 Rxa4 27. Rxa4 Qxb2 28. g3 Re6 29. Qa8+ Kg7 30. Ra2 Qd4 31. Qf3 Rf6 32. Qe4 Qc3 33. Kg2 Bd4 34. Rc2 Qb3 35. Re2 h5 36. h4 Rf5 37. f4 Rf6 38. Qf3 Qd1 39. Re8 Qd2+ 40. Re2 Qc3 41. Re8 d5 42. cxd5 Rb6 43. f5 Rb2+ 44. Kh3 Bg1 45. Re2 Rxe2 46. Qxe2 Qf6 47. fxg6 fxg6 48. Qe6 Qxe6+ 49. dxe6 Bf2 50. e7 Kf7 51. Bxg6+ Kxe7 52. Bxh5 Bxg3 53. Kxg3 Kf6 1/2-1/2

[Event "Tehran Behin Cup 2nd"]
[Site "Tehran"]
[Date "2014.11.17"]
[Round "3"]
[White "Javanbakht, Nima"]
[Black "Ghorbani, Hadi"]
[Result "1-0"]
[WhiteElo "2379"]
[BlackElo "2047"]
[PlyCount "35"]
[EventDate "2014.11.15"]
[EventType "swiss"]
[EventRounds "9"]
[EventCountry "IRI"]
[SourceTitle "CBM 163 Extra"]
[Source "ChessBase"]
[SourceDate "2014.12.23"]
[SourceVersion "1"]
[SourceVersionDate "2014.12.23"]
[SourceQuality "1"]

1. d4 d5 2. c4 c6 3. Nf3 Nf6 4. Nc3 dxc4 5. a4 Bf5 6. Ne5 Na6 7. f3 Nb4 8. e4 Bg6 9. Be3 e6 10. Bxc4 Nfd5 11. exd5 Nc2+ 12. Kf2 exd5 13. Nxg6 Nxa1 14. Nxh8 dxc4 15. Re1 Qh4+ 16. Kg1 0-0-0 17. Nxf7 Nb3 18. Bf2 1-0

[Event "Urumia op 2nd"]
[Site "Urumia"]
[Date "2008.08.29"]
[Round "6"]
[White "Ghorbani, Hadi"]
[Black "Ghaem Maghami, Ehsan"]
[Result "0-1"]
[WhiteElo "2185"]
[BlackElo "2597"]
[PlyCount "140"]
[EventDate "2008.08.26"]
[EventType "swiss"]
[EventRounds "10"]
[EventCountry "IRI"]
[SourceTitle "CBM 126 Extra"]
[Source "ChessBase"]
[SourceDate "2008.11.05"]
[SourceVersion "1"]
[SourceVersionDate "2008.11.05"]
[SourceQuality "1"]

1. d4 Nf6 2. Nf3 c5 3. c3 Qc7 4. g3 g6 5. Bg2 Bg7 6. 0-0 0-0 7. Re1 d6 8. e4 Bg4 9. h3 Bxf3 10. Bxf3 Nc6 11. Be3 Rfd8 12. Nd2 Qd7 13. Kg2 cxd4 14. cxd4 e6 15. Rc1 Ne8 16. Nb3 Ne7 17. Qd3 a5 18. a3 a4 19. Nd2 d5 20. e5 Nc6 21. Be2 Nc7 22. Rc3 f6 23. exf6 Bxf6 24. Bg4 Qg7 25. Bf4 e5 26. dxe5 Nxe5 27. Qe2 Nc6 28. Rc2 Re8 29. Qf1 Rxe1 30. Qxe1 Re8 31. Qc1 Ne6 32. Bxe6+ Rxe6 33. Nf3 Qd7 34. Ne1 d4 35. Nd3 Qd5+ 36. Kg1 g5 37. Bc7 Qf5 38. Qf1 Re7 39. g4 Qf3 40. Bg3 Kg7 41. Rd2 Na5 42. Qg2 Qxg2+ 43. Kxg2 Nc4 44. Rc2 b5 45. Kf3 Kf7 46. Re2 Rxe2 47. Kxe2 Ke6 48. f3 Be7 49. f4 gxf4 50. Bxf4 b4 51. axb4 Nxb2 52. Bc1 Nc4 53. Kd1 a3 54. Kc2 a2 55. Bb2 Kd5 56. Ba1 Ke4 57. Nf2+ Kf3 58. Bxd4 Na3+ 59. Kb3 Nb5 60. Be5 Kxf2 61. Kxa2 Bxb4 62. Kb3 Bd6 63. Bf6 Kg3 64. Kc4 Nc7 65. g5 Kxh3 66. Kd4 Kg4 67. Ke4 Bf4 68. Kd3 Kf3 69. Kc2 Ne6 70. Kd1 Bxg5 0-1

[Event "Fajr op 14th"]
[Site "Tehran"]
[Date "2006.01.28"]
[Round "6"]
[White "Ghorbani, Hadi"]
[Black "Mahdavirad, Mehdi"]
[Result "0-1"]
[WhiteElo "2157"]
[BlackElo "2249"]
[PlyCount "72"]
[EventDate "2006.01.24"]
[EventType "swiss"]
[EventRounds "9"]
[EventCountry "IRI"]
[SourceTitle "CBM 110 Extra"]
[Source "ChessBase"]
[SourceDate "2006.03.10"]
[SourceVersion "2"]
[SourceVersionDate "2006.03.10"]
[SourceQuality "1"]

1. d4 d5 2. c4 e6 3. Nf3 Nf6 4. g3 dxc4 5. Bg2 Nbd7 6. Qa4 a6 7. Qxc4 b5 8. Qc2 Bb7 9. 0-0 c5 10. Bg5 Rc8 11. dxc5 Bxc5 12. Qd3 Qb6 13. Nbd2 0-0 14. e4 h6 15. Bxf6 Nxf6 16. Qe2 Rfd8 17. e5 Ng4 18. Nb3 Bxf2+ 19. Rxf2 Qxf2+ 20. Qxf2 Nxf2 21. Kxf2 Rc2+ 22. Kg1 Rxb2 23. Bh1 Rc8 24. Nfd4 Bxh1 25. Kxh1 Rc4 26. Kg1 Ra4 27. Rc1 Raxa2 28. Nc5 Rg2+ 29. Kh1 Rxh2+ 30. Kg1 Rag2+ 31. Kf1 Rxg3 32. Nxa6 Ra3 33. Kg1 Rd2 34. Nc7 Rxd4 35. Nxb5 Rg4+ 36. Kf2 Ra5 0-1

[Event "Lahijan op 4th"]
[Site "Lahijan"]
[Date "2005.08.31"]
[Round "8"]
[White "Ghorbani, Hadi"]
[Black "Abedi, Ali"]
[Result "0-1"]
[WhiteElo "2100"]
[BlackElo "2221"]
[PlyCount "98"]
[EventDate "2005.08.24"]
[EventType "swiss"]
[EventRounds "10"]
[EventCountry "IRI"]
[SourceTitle "CBM 108 Extra"]
[Source "ChessBase"]
[SourceDate "2005.11.04"]
[SourceVersion "1"]
[SourceVersionDate "2005.11.04"]
[SourceQuality "1"]

1. d4 d5 2. c4 e6 3. Nf3 Nf6 4. g3 Be7 5. Bg2 0-0 6. 0-0 c6 7. Qc2 b6 8. b3 Bb7 9. Bb2 Na6 10. Nbd2 Rc8 11. Rac1 c5 12. cxd5 cxd4 13. Qb1 Qxd5 14. Bxd4 Qh5 15. Nc4 Nb4 16. Nce5 Nc6 17. Nxc6 Bxc6 18. Qb2 Qa5 19. a4 Rfd8 20. Rfd1 Bd5 21. Rxc8 Rxc8 22. Ne1 Rd8 23. Bc3 Qa6 24. Bxd5 Rxd5 25. Rxd5 exd5 26. Nf3 b5 27. axb5 Qxb5 28. Nd4 Qd7 29. f3 h6 30. Kg2 Ne8 31. g4 g6 32. Qd2 Bg5 33. Qd3 Bf6 34. Nb5 Bxc3 35. Nxc3 Nc7 36. Qd4 Ne6 37. Qa4 Qd6 38. Qxa7 Qe5 39. Qa5 Nf4+ 40. Kf1 Qe3 41. Qa1 d4 42. Qa8+ Kh7 43. Qf8 Qe6 44. Ne4 g5 45. Qb4 d3 46. exd3 Qa6 47. Qc4 Qa1+ 48. Kf2 Qb2+ 49. Ke3 Ng2# 0-1

[Event "IRI-ch sf"]
[Site "Tehran"]
[Date "2005.08.07"]
[Round "5"]
[White "Vahidi, Mohammad"]
[Black "Ghorbani, Hadi"]
[Result "0-1"]
[WhiteElo "2222"]
[BlackElo "2100"]
[PlyCount "52"]
[EventDate "2005.08.03"]
[EventType "swiss"]
[EventRounds "9"]
[EventCountry "IRI"]
[SourceTitle "EXT 2006"]
[Source "ChessBase"]
[SourceDate "2005.11.24"]
[SourceVersion "1"]
[SourceVersionDate "2005.11.24"]
[SourceQuality "1"]

1. e4 c5 2. Nf3 Nc6 3. d4 cxd4 4. Nxd4 Nf6 5. Nc3 e5 6. Ndb5 d6 7. Bg5 a6 8. Na3 b5 9. Bxf6 gxf6 10. Nd5 f5 11. Bd3 Be6 12. Qh5 Rg8 13. c3 f4 14. f3 Rg6 15. Nxb5 axb5 16. Bxb5 Rc8 17. Nb4 Kd7 18. 0-0-0 Rxg2 19. Qxe5 Qb6 20. b3 Qf2 21. c4 Kc7 22. Na6+ Kb6 23. Qc3 Bg7 24. Qd2 Bb2+ 25. Kc2 Qxf3 26. Kxb2 Rxd2+ 0-1

[Event "IRI-ch sf"]
[Site "Tehran"]
[Date "2005.08.05"]
[Round "3"]
[White "Ghorbani, Hadi"]
[Black "Ryahi, Naser"]
[Result "0-1"]
[WhiteElo "2100"]
[BlackElo "2269"]
[PlyCount "76"]
[EventDate "2005.08.03"]
[EventType "swiss"]
[EventRounds "9"]
[EventCountry "IRI"]
[SourceTitle "EXT 2006"]
[Source "ChessBase"]
[SourceDate "2005.11.24"]
[SourceVersion "1"]
[SourceVersionDate "2005.11.24"]
[SourceQuality "1"]

1. d4 Nf6 2. c4 c5 3. d5 g6 4. Nc3 Bg7 5. Nf3 0-0 6. g3 e6 7. Bg2 exd5 8. cxd5 d6 9. 0-0 Na6 10. Nd2 Nc7 11. Nc4 Nfe8 12. a4 b6 13. e4 Ba6 14. Qb3 Bxc4 15. Qxc4 a6 16. Be3 Rb8 17. Qe2 b5 18. Rfc1 bxa4 19. Rxa4 Rb3 20. Ra2 Qb8 21. Na4 Nb5 22. Bxc5 dxc5 23. Nxc5 Nd4 24. Qd1 Rxb2 25. Nd7 Ne2+ 26. Kh1 Qa7 27. Rxb2 Nxc1 28. Nxf8 Bxb2 29. d6 Nxd6 30. Qxd6 Qxf2 31. h4 Bd4 32. Kh2 Bc5 33. Qc7 Kxf8 34. Qb8+ Kg7 35. Qe5+ f6 36. Qc7+ Kh6 37. e5 Nd3 38. exf6 Qg1+ 0-1

[Event "IRI-ch sf"]
[Site "Tehran"]
[Date "2005.08.04"]
[Round "2"]
[White "Ghorbani, Hadi"]
[Black "Soozankar, Amir Mohammad"]
[Result "0-1"]
[WhiteElo "2100"]
[BlackElo "2251"]
[PlyCount "78"]
[EventDate "2005.08.03"]
[EventType "swiss"]
[EventRounds "9"]
[EventCountry "IRI"]
[SourceTitle "EXT 2006"]
[Source "ChessBase"]
[SourceDate "2005.11.24"]
[SourceVersion "1"]
[SourceVersionDate "2005.11.24"]
[SourceQuality "1"]

1. d4 d5 2. c4 e6 3. Nf3 Nf6 4. g3 dxc4 5. Bg2 c6 6. Ne5 Bb4+ 7. Nc3 Nd5 8. Qc2 b5 9. 0-0 Bb7 10. e4 Nxc3 11. bxc3 Bd6 12. a4 0-0 13. f4 a6 14. Nf3 Nd7 15. e5 Be7 16. Ng5 g6 17. h4 Rb8 18. h5 Bxg5 19. fxg5 c5 20. Bxb7 Rxb7 21. Qe4 Rb8 22. Ra2 Qa5 23. Rf3 cxd4 24. Rh2 b4 25. cxd4 Qd5 26. Qg4 Nxe5 27. dxe5 Qd1+ 28. Kg2 Qxc1 29. Rf2 Rbd8 30. hxg6 Rd2 31. gxh7+ Kh8 32. Rxd2 Qxd2+ 33. Kh3 Qd3 34. Rf2 Kg7 35. Rf6 Qxh7+ 36. Kg2 Rh8 37. Rh6 Qc2+ 38. Kg1 Rd8 39. Rf6 Qd1+ 0-1